Chitra (Poema Lírico) / Zenobia Camprubí de Jiménez, traductor
Guardat en:
| Autor principal: | |
|---|---|
| Format: | Llibre |
| Idioma: | Undetermined |
| Publicat: |
Madrid, España
Fortanet
1919
|
| Matèries: | |
| Etiquetes: |
Afegir etiqueta
Sense etiquetes, Sigues el primer a etiquetar aquest registre!
|
MARC
| LEADER | 00000nam a2200000Ia 4500 | ||
|---|---|---|---|
| 008 | 170316s9999 xx 000 0 und d | ||
| 090 | |a 800-I T-1ch | ||
| 100 | |a Tagore, Rabindranath | ||
| 245 | |a Chitra (Poema Lírico) / Zenobia Camprubí de Jiménez, traductor | ||
| 260 | |a Madrid, España | ||
| 260 | |b Fortanet | ||
| 260 | |c 1919 | ||
| 300 | |a 96 páginas | ||
| 650 | |a OTRAS LITERATURAS | ||
| 650 | |a LITERATURA INDÚ | ||
| 650 | |a POEMA | ||
| 999 | |c 19908 |d 19908 | ||
| 040 | |a cru BVZT | ||
| 942 | |c 15 D |h 800-I T-1ch |2 z | ||
